| 000 | 00778nam a2200193 a 4500 | ||
|---|---|---|---|
| 020 | _a071539486X | ||
| 082 | 0 | 0 |
_a940.5425 _bRET _cL-30, P-75 |
| 100 | 1 |
_aLunt, James D., _949026 |
|
| 245 | 1 | 4 |
_aThe retreat from Burma, 1941-1942 / _cJames Lunt. |
| 260 |
_aNewton, Abbot, Devon : _bDavid & Charles Publishers ; _aNew York, NY : _bDistributed in the United States by Sterling Pub. Co., _c1989. |
||
| 300 |
_axxiii, 318 p. : _bill. ; _c20 cm. |
||
| 490 | 1 | _aBattle standards | |
| 526 |
_a0 _b0 _c0 _d940_542500000000000_RET |
||
| 526 |
_a0 _b0 _c0 _d940_542500000000000_RET |
||
| 650 | 0 |
_aSoldiers _zGreat Britain _xBiography. _949027 |
|
| 650 | 0 |
_aWorld War, 1939-1945 _xCampaigns _zBurma. _937818 |
|
| 650 | 0 |
_aWorld War, 1939-1945 _xPersonal narratives, British. _912163 |
|
| 942 |
_2ddc _cBK |
||
| 999 |
_c551863 _d551863 |
||